[Event "GER-chT U14 Girls"]
[Site "Neumuenster"]
[Date "2019.12.27"]
[Round "2.1"]
[White "Dietz, Kristin"]
[Black "Yue, Qizhou"]
[Result "0-1"]
[WhiteElo "1946"]
[BlackElo "1784"]
[PlyCount "122"]
[EventDate "2019.12.27"]
[EventType "team-swiss"]
[EventRounds "7"]
[EventCountry "GER"]
[SourceTitle "CBM 194 Extra"]
[Source "ChessBase"]
[SourceDate "2020.03.31"]
[SourceVersion "1"]
[SourceVersionDate "2020.03.31"]
[SourceQuality "1"]
[WhiteTeam "Halle USV"]
[BlackTeam "Ingelheim"]
[WhiteTeamCountry "GER"]
[BlackTeamCountry "GER"]

1. e4 c5 2. Nf3 e6 3. d4 cxd4 4. Nxd4 Nc6 5. Nc3 Qc7 6. f4 Bb4 7. Ndb5 Qb8 8. e5 a6 9. Nd6+ Bxd6 10. exd6 Nf6 11. a4 b6 12. Be3 0-0 13. Qd2 Re8 14. Bc4 Ng4 15. Rd1 Nxe3 16. Qxe3 Na5 17. Bd3 Bb7 18. 0-0 Bd5 19. Qh3 g6 20. Ne4 Bxe4 21. Bxe4 Ra7 22. Rf3 Nc4 23. Qh6 Nxd6 24. Bd3 f5 25. Rh3 Re7 26. g4 b5 27. gxf5 Nxf5 28. Qg5 Rf7 29. axb5 axb5 30. Be4 Rc7 31. Rb3 Rc4 32. Re1 Nd4 33. Rg3 Qxf4 34. Qxf4 Rxf4 35. Bd3 Rc5 36. b4 Rc8 37. Rd1 Nf5 38. Rg5 Rxb4 39. Rf1 Ne3 40. Rf3 Nf5 41. Bxf5 exf5 42. Rfxf5 Rb1+ 43. Rf1 Rxf1+ 44. Kxf1 Rxc2 45. Rxb5 Rxh2 46. Rd5 Kf7 47. Rxd7+ Ke6 48. Ra7 h5 49. Kg1 Rd2 50. Ra5 Rd5 51. Ra2 g5 52. Kg2 Kf5 53. Ra3 g4 54. Kg3 Kg5 55. Ra8 h4+ 56. Kg2 Rd2+ 57. Kg1 h3 58. Rf8 Kh4 59. Rf1 g3 60. Ra1 h2+ 61. Kh1 Kh3 0-1

[Event "GER-chT U14 Girls"]
[Site "Neumuenster"]
[Date "2019.12.27"]
[Round "1.5"]
[White "Yue, Qizhou"]
[Black "Hellenbroich, Helene"]
[Result "1-0"]
[WhiteElo "1784"]
[BlackElo "1346"]
[PlyCount "29"]
[EventDate "2019.12.27"]
[EventType "team-swiss"]
[EventRounds "7"]
[EventCountry "GER"]
[SourceTitle "CBM 194 Extra"]
[Source "ChessBase"]
[SourceDate "2020.03.31"]
[SourceVersion "1"]
[SourceVersionDate "2020.03.31"]
[SourceQuality "1"]
[WhiteTeam "Ingelheim"]
[BlackTeam "Luebeck"]
[WhiteTeamCountry "GER"]
[BlackTeamCountry "GER"]

1. e4 e6 2. d4 d5 3. Nd2 Nf6 4. e5 Nfd7 5. f4 f6 6. Bd3 g6 7. exf6 Qxf6 8. Ndf3 Bd6 9. Nh3 Nb6 10. c3 Nc6 11. 0-0 Bd7 12. Ne5 Bxe5 13. fxe5 Qh4 14. Bg5 Qh5 15. Be2 1-0

[Event "Heusenstamm Sparkassen op-A 6th"]
[Site "Heusenstamm"]
[Date "2019.11.24"]
[Round "7"]
[White "Neuhoff, Laertes"]
[Black "Yue, Qizhou"]
[Result "0-1"]
[WhiteElo "1461"]
[BlackElo "1792"]
[PlyCount "90"]
[EventDate "2019.11.21"]
[EventType "swiss"]
[EventRounds "7"]
[EventCountry "GER"]
[SourceTitle "CBM 194 Extra"]
[Source "ChessBase"]
[SourceDate "2020.03.31"]
[SourceVersion "1"]
[SourceVersionDate "2020.03.31"]
[SourceQuality "1"]

1. d4 Nf6 2. c4 e6 3. g3 d5 4. Bg2 Be7 5. Nf3 0-0 6. 0-0 b6 7. cxd5 exd5 8. Nc3 Bb7 9. Qc2 Nbd7 10. Bd2 c5 11. e3 Rc8 12. Qb3 h6 13. Rad1 Qc7 14. Nh4 Ne4 15. Nf5 Ndf6 16. Nxe7+ Qxe7 17. Nxe4 Nxe4 18. dxc5 Nxc5 19. Qa3 a5 20. Bc3 Rfd8 21. Bd4 Qe6 22. Bxc5 Rxc5 23. Rd2 Rdc8 24. b3 Rc2 25. Rfd1 Qf6 26. Rxc2 Rxc2 27. Rf1 Ba6 28. Qa4 Bxf1 29. Qe8+ Kh7 30. Be4+ dxe4 31. Qxe4+ Qg6 32. Qxg6+ Kxg6 33. Kxf1 Rxa2 34. Kg2 Rb2 35. h3 Rxb3 36. Kf3 a4 37. h4 a3 38. g4 a2 39. Ke4 a1Q 40. f4 Qa4+ 41. Kf3 Qd4 42. f5+ Kh7 43. Kg2 Qxe3 44. Kh2 Rb2+ 45. Kh1 Qe1# 0-1

[Event "Heusenstamm Sparkassen op-A 6th"]
[Site "Heusenstamm"]
[Date "2019.11.24"]
[Round "6"]
[White "Yue, Qizhou"]
[Black "Feicht, Arno"]
[Result "0-1"]
[WhiteElo "1792"]
[BlackElo "1851"]
[PlyCount "128"]
[EventDate "2019.11.21"]
[EventType "swiss"]
[EventRounds "7"]
[EventCountry "GER"]
[SourceTitle "CBM 194 Extra"]
[Source "ChessBase"]
[SourceDate "2020.03.31"]
[SourceVersion "1"]
[SourceVersionDate "2020.03.31"]
[SourceQuality "1"]

1. e4 c5 2. Nc3 Nc6 3. Bb5 Nd4 4. Bc4 e6 5. Nge2 Ne7 6. Nxd4 cxd4 7. Ne2 Nc6 8. 0-0 Bc5 9. d3 0-0 10. Bb3 Na5 11. Ng3 Nxb3 12. axb3 d6 13. f4 d5 14. f5 f6 15. Qf3 Bd6 16. Nh5 Kh8 17. Qg4 Qe7 18. Bf4 e5 19. Bd2 dxe4 20. Qxe4 Bd7 21. Qh4 Bc6 22. Ng3 a6 23. Ne4 Rac8 24. Rac1 Bxe4 25. Qxe4 Bb4 26. c3 dxc3 27. bxc3 Bc5+ 28. Kh1 Rcd8 29. Rf3 Rf7 30. Rh3 Qf8 31. b4 Ba7 32. Rf1 Rfd7 33. Rff3 Qg8 34. Rh5 Qb3 35. Qh4 Qd1+ 36. Be1 Rxd3 37. Rxh7+ Kg8 38. Rh8+ Kf7 39. Rxd8 Rxd8 40. h3 e4 41. Rf4 Rh8 42. Qg3 Re8 43. Rg4 g5 44. fxg6+ Kg8 45. Qh4 Re7 46. Kh2 Bb8+ 47. Bg3 Bxg3+ 48. Rxg3 Qd6 49. Qh6 f5 50. Qh5 f4 51. Rg5 f3+ 52. Rg3 f2 53. g7 Rxg7 54. Qe8+ Qf8 55. Qe6+ Qf7 56. Rxg7+ Kxg7 57. Qg4+ Kf6 58. Qf4+ Ke6 59. Qxe4+ Kd6 60. Qd4+ Kc6 61. Qe4+ Kc7 62. Qe5+ Kc8 63. Qc5+ Kb8 64. Qd6+ Qc7 0-1

[Event "Heusenstamm Sparkassen op-A 6th"]
[Site "Heusenstamm"]
[Date "2019.11.23"]
[Round "5"]
[White "Stork, Christopher"]
[Black "Yue, Qizhou"]
[Result "1-0"]
[WhiteElo "1912"]
[BlackElo "1792"]
[PlyCount "75"]
[EventDate "2019.11.21"]
[EventType "swiss"]
[EventRounds "7"]
[EventCountry "GER"]
[SourceTitle "CBM 194 Extra"]
[Source "ChessBase"]
[SourceDate "2020.03.31"]
[SourceVersion "1"]
[SourceVersionDate "2020.03.31"]
[SourceQuality "1"]

1. e4 c5 2. Nf3 e6 3. d4 cxd4 4. Nxd4 Nc6 5. Nc3 Qc7 6. Be3 a6 7. Qd2 Nf6 8. f3 Bb4 9. a3 Ba5 10. Nb3 Bb6 11. 0-0-0 Bxe3 12. Qxe3 0-0 13. g4 b5 14. h4 Bb7 15. h5 Rfd8 16. g5 Ne8 17. f4 b4 18. axb4 Nxb4 19. Rh2 d5 20. e5 Rac8 21. g6 fxg6 22. hxg6 h6 23. Qh3 Qe7 24. Nd4 Nc7 25. Kb1 Nc6 26. Nce2 Re8 27. Nxc6 Bxc6 28. Nd4 Bd7 29. Bd3 Nb5 30. Nxb5 axb5 31. Rc1 Rf8 32. Qg2 Qb4 33. f5 Ra8 34. f6 gxf6 35. g7 Rf7 36. Bh7+ Kxh7 37. Rxh6+ Kxh6 38. Rh1+ 1-0

[Event "Heusenstamm Sparkassen op-A 6th"]
[Site "Heusenstamm"]
[Date "2019.11.22"]
[Round "3"]
[White "Kuhn, Gerhard"]
[Black "Yue, Qizhou"]
[Result "1-0"]
[WhiteElo "1963"]
[BlackElo "1792"]
[PlyCount "97"]
[EventDate "2019.11.21"]
[EventType "swiss"]
[EventRounds "7"]
[EventCountry "GER"]
[SourceTitle "CBM 194 Extra"]
[Source "ChessBase"]
[SourceDate "2020.03.31"]
[SourceVersion "1"]
[SourceVersionDate "2020.03.31"]
[SourceQuality "1"]

1. e4 c5 2. c3 d5 3. exd5 Qxd5 4. d4 e6 5. Nf3 Nf6 6. Be2 Nc6 7. Na3 cxd4 8. Nb5 Qd8 9. Nbxd4 Nxd4 10. Qxd4 Qxd4 11. Nxd4 Bc5 12. Nb3 Bb6 13. Bf3 e5 14. 0-0 0-0 15. Re1 Re8 16. Bg5 Rb8 17. Nd2 Bf5 18. Nc4 Bc7 19. Ne3 Bd3 20. Rad1 e4 21. Bxf6 gxf6 22. Nd5 Be5 23. Bxe4 Bxe4 24. Rxe4 f5 25. Ree1 Rbd8 26. Kf1 Kg7 27. f4 Bb8 28. Rxe8 Rxe8 29. g3 h5 30. Kf2 Re4 31. Ne3 Kg6 32. Rd7 b6 33. Rd5 Ra4 34. a3 Ra5 35. Rxa5 bxa5 36. a4 h4 37. Kf3 hxg3 38. hxg3 Bc7 39. Nc4 Kf6 40. Ne3 Ke6 41. Ke2 Bb6 42. Kd3 a6 43. b3 Bc5 44. Nc2 Bf2 45. Nd4+ Kf6 46. Ne2 Bb6 47. Nd4 Ba7 48. Kc4 Bb6 49. Kd5 1-0

[Event "Heusenstamm Sparkassen op-A 6th"]
[Site "Heusenstamm"]
[Date "2019.11.22"]
[Round "2"]
[White "Yue, Qizhou"]
[Black "Voss, Georg"]
[Result "1/2-1/2"]
[WhiteElo "1792"]
[BlackElo "1950"]
[PlyCount "145"]
[EventDate "2019.11.21"]
[EventType "swiss"]
[EventRounds "7"]
[EventCountry "GER"]
[SourceTitle "CBM 194 Extra"]
[Source "ChessBase"]
[SourceDate "2020.03.31"]
[SourceVersion "1"]
[SourceVersionDate "2020.03.31"]
[SourceQuality "1"]

1. e4 d5 2. exd5 Qxd5 3. Nc3 Qd8 4. d4 g6 5. Bc4 Bg7 6. Nf3 Nf6 7. 0-0 0-0 8. h3 c6 9. a4 a5 10. Re1 Na6 11. Qe2 Nb4 12. Bb3 e6 13. Bg5 h6 14. Bh4 b6 15. Ne4 Nbd5 16. Ne5 Nf4 17. Qe3 g5 18. Bg3 N4d5 19. Bxd5 Nxd5 20. Qf3 f5 21. Nc3 f4 22. Nxc6 Qd6 23. Nxd5 exd5 24. Ne7+ Kh8 25. Bh2 Bb7 26. Qd3 Ba6 27. Qa3 Rad8 28. c3 Qxa3 29. Rxa3 Rfe8 30. Raa1 Bf6 31. Nc6 Rc8 32. Ne5 Bxe5 33. Rxe5 Rxe5 34. dxe5 Kg7 35. g3 Rc4 36. gxf4 gxf4 37. Rd1 Rxa4 38. Rd4 Ra2 39. Bxf4 Rxb2 40. Rxd5 a4 41. Rd7+ Kg6 42. Ra7 Bb5 43. Be3 Kf5 44. Bd4 Bc6 45. Kh2 Rb3 46. Rf7+ Ke6 47. Rf6+ Kd7 48. Rf7+ Ke6 49. Rf6+ Kd7 50. Rxh6 a3 51. Rh7+ Ke6 52. Ra7 b5 53. Ra6 Kd5 54. e6 b4 55. e7 Bd7 56. Ra5+ Ke6 57. Bc5 bxc3 58. Rxa3 c2 59. Rxb3 c1Q 60. Re3+ Kf7 61. Rf3+ Kg6 62. Ba3 Qd1 63. Rg3+ Kf7 64. Re3 Bc6 65. e8Q+ Bxe8 66. Re7+ Kg6 67. Rxe8 Qf3 68. Rg8+ Kh7 69. Rg3 Qxf2+ 70. Rg2 Qf4+ 71. Rg3 Qf2+ 72. Rg2 Qf4+ 73. Rg3 1/2-1/2

[Event "Heusenstamm Sparkassen op-A 6th"]
[Site "Heusenstamm"]
[Date "2019.11.21"]
[Round "1"]
[White "Minor, Viatcheslav"]
[Black "Yue, Qizhou"]
[Result "1-0"]
[WhiteElo "2060"]
[BlackElo "1792"]
[PlyCount "83"]
[EventDate "2019.11.21"]
[EventType "swiss"]
[EventRounds "7"]
[EventCountry "GER"]
[SourceTitle "CBM 194 Extra"]
[Source "ChessBase"]
[SourceDate "2020.03.31"]
[SourceVersion "1"]
[SourceVersionDate "2020.03.31"]
[SourceQuality "1"]

1. e4 c5 2. c3 d5 3. exd5 Qxd5 4. d4 e6 5. Nf3 Nf6 6. Be3 cxd4 7. cxd4 Bd7 8. Nc3 Bb4 9. Bd3 0-0 10. 0-0 Bxc3 11. bxc3 Bb5 12. Bxb5 Qxb5 13. Rb1 Qd5 14. Qb3 Qxb3 15. axb3 Nc6 16. c4 a5 17. Rfd1 h6 18. Ne5 Rfd8 19. f3 Rd6 20. Ra1 b6 21. Kf2 Nb4 22. Rd2 Rad8 23. Ke2 Nc6 24. Nxc6 Rxc6 25. Bf4 Kf8 26. g4 g5 27. Be5 Ke7 28. Rad1 a4 29. Bxf6+ Kxf6 30. d5 exd5 31. cxd5 Rcd6 32. bxa4 Ke5 33. Rb1 Rxd5 34. Rxd5+ Rxd5 35. Rxb6 Kd4 36. Rxh6 Ra5 37. Rd6+ Ke5 38. Rd7 Ke6 39. Rd4 f5 40. gxf5+ Kxf5 41. Rb4 Rd5 42. Ke3 1-0

[Event "GER-ch U14 Girls"]
[Site "Willingen"]
[Date "2019.06.14"]
[Round "8"]
[White "Peglau, Mirjam"]
[Black "Yue, Qizhou"]
[Result "1-0"]
[WhiteElo "1746"]
[BlackElo "1840"]
[PlyCount "125"]
[EventDate "2019.06.08"]
[EventType "swiss"]
[EventRounds "9"]
[EventCountry "GER"]
[SourceTitle "CBM 191 Extra"]
[Source "ChessBase"]
[SourceDate "2019.09.30"]
[SourceVersion "1"]
[SourceVersionDate "2019.09.30"]
[SourceQuality "1"]

1. d4 Nf6 2. c4 e6 3. Nc3 Bb4 4. e3 0-0 5. Nge2 Re8 6. a3 Bf8 7. Bd2 d6 8. Ng3 Nc6 9. Be2 e5 10. d5 Ne7 11. 0-0 Nd7 12. e4 a5 13. Qc2 g6 14. b4 Bg7 15. Nb5 b6 16. Be3 f5 17. exf5 e4 18. Rac1 gxf5 19. c5 dxc5 20. bxc5 Nxd5 21. cxb6 N7xb6 22. Nxc7 Qxc7 23. Qxc7 Nxc7 24. Bxb6 Na6 25. Bb5 Rf8 26. a4 Nb4 27. Ne2 Ba6 28. Rc5 Bxb5 29. Rxb5 Rfb8 30. Rxa5 Rxa5 31. Bxa5 Nc6 32. Bc3 Bxc3 33. Nxc3 Rb3 34. Nb5 Kf7 35. Ra1 Ke6 36. h3 Ke5 37. Rc1 Ne7 38. Rc5+ Kf6 39. Rc1 f4 40. Rc4 Rb1+ 41. Kh2 Ke5 42. Rc5+ Kf6 43. Nc3 Re1 44. a5 e3 45. fxe3 fxe3 46. Rc4 Nf5 47. Ra4 Rc1 48. Ne2 Rc2 49. a6 Rc8 50. a7 Ra8 51. Nc3 Ke5 52. Re4+ Kd6 53. g4 Ne7 54. Nb5+ Kc6 55. Rxe7 Kxb5 56. Kg2 Kc4 57. Kf3 Kd4 58. Rd7+ Kc5 59. Kxe3 h6 60. Kf4 Kc6 61. Rf7 Kb6 62. Kf5 Rg8 63. Kf6 1-0

[Event "GER-ch U14 Girls"]
[Site "Willingen"]
[Date "2019.06.12"]
[Round "5"]
[White "Yue, Qizhou"]
[Black "Bashylina, Luisa"]
[Result "0-1"]
[WhiteElo "1840"]
[BlackElo "1812"]
[PlyCount "88"]
[EventDate "2019.06.08"]
[EventType "swiss"]
[EventRounds "9"]
[EventCountry "GER"]
[SourceTitle "CBM 191 Extra"]
[Source "ChessBase"]
[SourceDate "2019.09.30"]
[SourceVersion "1"]
[SourceVersionDate "2019.09.30"]
[SourceQuality "1"]

1. d4 Nf6 2. Nf3 g6 3. g3 Bg7 4. Bg2 d6 5. b3 c5 6. Bb2 Nbd7 7. c4 0-0 8. 0-0 Rb8 9. Nc3 b6 10. e4 Bb7 11. Re1 Ne8 12. Qd2 Nc7 13. d5 a6 14. a4 Bc8 15. Bf1 Ne5 16. Nxe5 Bxe5 17. Ne2 Bxb2 18. Qxb2 b5 19. cxb5 axb5 20. a5 b4 21. Nf4 Ra8 22. e5 Bb7 23. Bc4 Ba6 24. Qe2 Bxc4 25. Qxc4 Re8 26. Re2 Qb8 27. e6 f6 28. Qe4 Kg7 29. h4 Nb5 30. Qd3 Nd4 31. Rea2 Qb5 32. Qe3 Ra6 33. Ne2 Nxe2+ 34. Qxe2 Qb7 35. Qc4 Rb8 36. Kg2 Qa8 37. Qe4 Rb5 38. h5 Rbxa5 39. Rxa5 Rxa5 40. Rh1 Ra1 41. Rh2 Rd1 42. hxg6 hxg6 43. Qc4 Qxd5+ 44. Qxd5 Rxd5 0-1

[Event "GER-ch U14 Girls"]
[Site "Willingen"]
[Date "2019.06.09"]
[Round "2"]
[White "Butenandt, Svenja"]
[Black "Yue, Qizhou"]
[Result "0-1"]
[WhiteElo "1722"]
[BlackElo "1840"]
[PlyCount "84"]
[EventDate "2019.06.08"]
[EventType "swiss"]
[EventRounds "9"]
[EventCountry "GER"]
[SourceTitle "CBM 191 Extra"]
[Source "ChessBase"]
[SourceDate "2019.09.30"]
[SourceVersion "1"]
[SourceVersionDate "2019.09.30"]
[SourceQuality "1"]

1. d4 Nf6 2. c4 e6 3. Nc3 Bb4 4. e3 0-0 5. Nge2 d6 6. a3 Bxc3+ 7. Nxc3 Nc6 8. e4 e5 9. d5 Ne7 10. Be2 Nd7 11. 0-0 f5 12. f3 a5 13. Be3 f4 14. Bf2 g5 15. b4 Nf6 16. c5 axb4 17. axb4 Rxa1 18. Qxa1 g4 19. Bh4 h5 20. Qd1 gxf3 21. Bxf3 Ng4 22. Qe2 Kh7 23. Ra1 Rg8 24. Ra8 Qf8 25. Nb5 dxc5 26. Na7 cxb4 27. d6 cxd6 28. Bxe7 Qxe7 29. Rxc8 Rxc8 30. Nxc8 Qd7 31. Bxg4 hxg4 32. Qc4 Kg7 33. Nb6 Qc6 34. Qxb4 Qc1+ 35. Kf2 Qe3+ 36. Kf1 g3 37. hxg3 fxg3 38. Qb2 Qd3+ 39. Ke1 Qxe4+ 40. Kd1 Qd3+ 41. Ke1 Qe3+ 42. Kd1 Qg1+ 0-1

[Event "Pfalz op-B 10th"]
[Site "Neustadt an der Weinstrasse"]
[Date "2019.03.04"]
[Round "7"]
[White "Gutzen, Werner"]
[Black "Yue, Qizhou"]
[Result "1-0"]
[WhiteElo "1871"]
[BlackElo "1717"]
[PlyCount "61"]
[EventDate "2019.03.01"]
[EventType "swiss"]
[EventRounds "7"]
[EventCountry "GER"]
[SourceTitle "CBM 189 Extra"]
[Source "ChessBase"]
[SourceDate "2019.06.03"]
[SourceVersion "1"]
[SourceVersionDate "2019.06.03"]
[SourceQuality "1"]

1. e4 c5 2. c3 d5 3. exd5 Qxd5 4. d4 cxd4 5. Qxd4 Qxd4 6. cxd4 Nc6 7. Bb5 Bd7 8. Ne2 Nf6 9. Nbc3 e6 10. 0-0 Bd6 11. Bg5 a6 12. Bxf6 gxf6 13. Bd3 Nb4 14. Be4 Bc6 15. a3 Nd5 16. Nxd5 exd5 17. Bf3 0-0-0 18. Nc3 Bc7 19. Rfe1 Bb6 20. Rad1 Rhg8 21. Bh5 Rg7 22. Re3 Rdg8 23. g3 Kd7 24. Bf3 Kd6 25. Bg2 Rg4 26. Ne2 Bd7 27. Rf3 Bd8 28. Nf4 R4g6 29. Nxg6 Bg4 30. Nf4 Bxf3 31. Bxf3 1-0

[Event "Pfalz op-B 10th"]
[Site "Neustadt an der Weinstrasse"]
[Date "2019.03.03"]
[Round "5"]
[White "Bernhard, Torsten"]
[Black "Yue, Qizhou"]
[Result "1/2-1/2"]
[WhiteElo "1791"]
[BlackElo "1717"]
[PlyCount "43"]
[EventDate "2019.03.01"]
[EventType "swiss"]
[EventRounds "7"]
[EventCountry "GER"]
[SourceTitle "CBM 189 Extra"]
[Source "ChessBase"]
[SourceDate "2019.06.03"]
[SourceVersion "1"]
[SourceVersionDate "2019.06.03"]
[SourceQuality "1"]

1. e4 c5 2. c3 d6 3. d4 cxd4 4. cxd4 Nf6 5. Nc3 g6 6. Bc4 Bg7 7. h3 Nc6 8. Nf3 0-0 9. Bb3 e6 10. Bc2 Nb4 11. 0-0 Nxc2 12. Qxc2 Bd7 13. Bf4 Bc6 14. Rfe1 Rc8 15. Qd2 Nh5 16. Bh6 d5 17. Bxg7 Nxg7 18. e5 Nf5 19. Nh2 f6 20. Ng4 fxe5 21. Rxe5 Bd7 22. Nh6+ 1/2-1/2